000 01029cam a2200265 i 4500
001 82059
003 BD-RjUL
005 20240225130428.0
008 230905s1928 ii af b 000 0 per
035 _a(BD-RjUL) 82059
040 _aDLC
_cDLC
_dDLC
_beng
041 1 _aengper
082 _a954.75
_223
_bKHM 1928
100 0 _aخان بهادر,علي محمد ;; Khan Bahadur, Alī Muḥammad
_d1700?-
_99398
245 1 0 _aميرات احمدي : Mirat-i-Ahmadi :
_ba histort of Gujarat in persian /
_ctranslated from the Persian of Ali Muhammad Khan by Syed Nawab Ali and Charles Norman Seddon.علي محمد خان بهادر
250 _aRe-issue corr.
260 _aBaroda :
_bOriental Institute,
_c1928.
300 _av., plates :
_bill. ;
_c25 cm.
500 _aTranslation of Mirʼāt-i Aḥmadī.
504 _aIncludes bibliographical references.
505 _aVol. XXXIII.--Pt. 1
651 0 _aAhmadābād (India)
_xHistory.
_99400
942 _2ddc
_cBK
999 _c82059
_d82059